Letecká doprava v stredoeurópskom priestore na prahu nového tisícročia

Výrazné póly v stredoeurópskom priestore z hľadiska leteckej dopravy. Nové trendy v leteckej doprave z hľadiska dopravcov. Spolupráca letísk.

Salvato in:
Dettagli Bibliografici
Autore principale: Lazar, Tobiáš
Natura: Capitolo di libro
Lingua:slovacco
Soggetti:
Tags: Aggiungi Tag
Nessun Tag, puoi essere il primo ad aggiungerne!!

MARC

LEADER 00000naa a2200000 4500
001 r042964
005 20230825084632.8
041 0 |a slo 
044 |a SK 
245 1 0 |a Letecká doprava v stredoeurópskom priestore na prahu nového tisícročia  |c Tobiáš Lazar 
520 |a Výrazné póly v stredoeurópskom priestore z hľadiska leteckej dopravy. Nové trendy v leteckej doprave z hľadiska dopravcov. Spolupráca letísk. 
610 2 0 |a doprava letecká 
610 2 0 |a doprava letecká medzinárodná 
610 2 0 |a letiská 
610 2 0 |a stredná Európa 
100 1 |a Lazar, Tobiáš